000 00263nam a22001097a 4500
082 _a621.3192 DES'B
100 _aDESSER, CHARLES A ,KUH, ERNEST S
_957449
245 _aBASIC CIRCUITS THEORY
260 _aTOKYO
_bMCGRAW HILL
_c1969
300 _a876P
942 _cBK
999 _c567728
_d567728